La vie et la mort

Saved in:
Bibliographic Details
Main Author: Dastre, A (Author)
Format: Book
Language:French
Published: París Ernest Flammarion 1926
Series:Bibliothèque de Philosophie Scientifique
Subjects:
Tags: Add Tag
No Tags, Be the first to tag this record!

MARC

LEADER 00000nam a2200000 a 4500
001 UCZ4631
003 CL-VaPUC
008 951110e19260000FR |||||||||||||||||fre|d
082 0 4 |a 113.8  |b DAS  |2 21 
100 0 |a Dastre, A  |e author  |9 348645 
245 1 3 |a La vie et la mort 
300 |a 352 p 
942 |c BK 
945 |d 19951110 00:00:00  |a cmena 
260 |a París  |b Ernest Flammarion  |c 1926 
650 0 |a Vida  |9 266033 
650 0 |a Filosofía de la naturaleza  |9 265899 
650 0 |a Cosmología  |9 269138 
650 0 |a Muerte  |9 265114 
650 0 |a Filosofía de las ciencias  |9 256466 
583 |a last modification  |c 19951110 00:00:00  |k Rodrigo Vera 
490 0 |a Bibliothèque de Philosophie Scientifique 
999 |c 241000  |d 240998 
952 |0 0  |1 0  |4 0  |6 113_800000000000000_DAS_1926  |7 0  |8 P  |9 253137  |a BIBEDU  |b BIBEDU  |c BIBEDU_PB  |d 2019-11-19  |i 1596659  |o 113.8 DAS 1926  |p 1596659  |r 2024-01-25  |w 2019-11-19  |y BK  |k FIL